| 000 | 00403nam a2200169Ia 4500 | ||
|---|---|---|---|
| 005 | 20240627044002.0 | ||
| 008 | 240331s9999 xx 000 0 und d | ||
| 020 | _a802223729 | ||
| 082 |
_a110 _bSAM |
||
| 100 | _aSamek, R.A. | ||
| 245 | 4 | _aThe meta phenomenon | |
| 260 |
_aNew york _bphilosophical Library, Inc _c1981 |
||
| 300 | _a308 p ., | ||
| 650 | _apolitical | ||
| 650 | _atechnology | ||
| 942 | _cL | ||
| 999 |
_c712 _d712 |
||